[Event "Rated Blitz game"]
[Site "?"]
[Date "2021.01.08"]
[Round "?"]
[White "Teamplayer16"]
[Black "BaronBananenschnabel"]
[Result "0-1"]
[WhiteElo "2441"]
[BlackElo "2356"]
[PlyCount "52"]
[EventDate "2021.??.??"]
[EventType "blitz"]

1. e4 e5 2. Nf3 d5 3. exd5 Bd6 4. d4 e4 5. Ne5 Nf6 6. Bc4 O-O 7. O-O Nbd7 8.
Be3 Nxe5 9. dxe5 Bxe5 10. Nc3 Ng4 11. h3 Nxe3 12. fxe3 Qh4 13. Qe1 Bg3 14. Qd2
Bd7 15. Ne2 Be5 16. c3 Rad8 17. Qc2 Bxh3 18. gxh3 Rd6 19. Nf4 Qg3+ 20. Kh1 Rh6
21. Rf2 Qxe3 22. Bf1 Bxf4 23. Qe2 Qg3 24. Rd1 Bd6 25. Rd4 f5 26. Rd1 f4 {
Time forfeit} 0-1

[Event "Rated Blitz game"]
[Site "?"]
[Date "2021.01.08"]
[Round "?"]
[White "DrBergerBerger"]
[Black "drdumbo"]
[Result "1-0"]
[WhiteElo "2497"]
[BlackElo "2537"]
[PlyCount "99"]
[EventDate "2021.??.??"]
[EventType "blitz"]

1. e4 e5 2. Nf3 d5 3. exd5 Bd6 4. Qe2 Qe7 5. Nc3 Nf6 6. d3 h6 7. g3 O-O 8. Bg2
c6 9. dxc6 Nxc6 10. h3 Bf5 11. Ne4 Bb4+ 12. c3 Ba5 13. O-O Rad8 14. Nfd2 Rfe8
15. Nxf6+ Qxf6 16. Ne4 Qg6 17. Be3 Ne7 18. Rad1 Nd5 19. Kh2 Nxe3 20. fxe3 Bc7
21. Qf3 Bc8 22. g4 Rf8 23. Qg3 Rde8 24. Rf2 Re6 25. Rdf1 Kh8 26. Kh1 b6 27. c4
Bb7 28. Rf5 Ree8 29. Nf2 Bc8 30. Be4 Bxf5 31. Bxf5 Qc6+ 32. Be4 Qd7 33. h4 f6
34. h5 b5 35. c5 Qe6 36. b3 Bb8 37. Qg2 f5 38. gxf5 Rxf5 39. Bxf5 Qxf5 40. Qh3
Qf8 41. Ne4 Qe7 42. b4 Bc7 43. Kg2 Kg8 44. Qg4 Kh8 45. Qg6 Rg8 46. Rf7 Qh4 47.
Rxc7 Qe1 48. Qg3 Qe2+ 49. Nf2 Qxh5 50. Rxa7 {Normal} 1-0

[Event "Rated Blitz game"]
[Site "?"]
[Date "2021.01.08"]
[Round "?"]
[White "d3rang3d"]
[Black "oZzALzZo"]
[Result "1-0"]
[WhiteElo "2476"]
[BlackElo "2375"]
[PlyCount "55"]
[EventDate "2021.??.??"]
[EventType "blitz"]

1. e4 e5 2. Nf3 d5 3. exd5 e4 4. Qe2 Nf6 5. d3 Qxd5 6. Nbd2 Be6 7. Nxe4 Nbd7 8.
Nxf6+ Nxf6 9. Bd2 Bd6 10. Bc3 O-O-O 11. Qe3 Ng4 12. Qxa7 Bc5 13. Qa8+ Kd7 14.
Qa4+ b5 15. Qxb5+ Ke7 16. Bb4 Bxb4+ 17. Qxb4+ c5 18. Qf4 Rhe8 19. Be2 Kf8 20.
O-O Qh5 21. h3 Nf6 22. Rfe1 Bd5 23. a4 Rb8 24. b3 h6 25. a5 Bc6 26. a6 Nd5 27.
Qd6+ Kg8 28. Qxc6 {Normal} 1-0

[Event "Rated Blitz game"]
[Site "?"]
[Date "2021.01.08"]
[Round "?"]
[White "ATCFaust"]
[Black "PerunBarglowski"]
[Result "1/2-1/2"]
[WhiteElo "2373"]
[BlackElo "2525"]
[PlyCount "80"]
[EventDate "2021.??.??"]
[EventType "blitz"]

1. e4 e5 2. Nf3 d5 3. exd5 e4 4. Qe2 Nf6 5. d3 Qxd5 6. dxe4 Qxe4 7. Qxe4+ Nxe4
8. Nbd2 Bf5 9. Nxe4 Bxe4 10. c3 Bxf3 11. gxf3 Nc6 12. Bb5 O-O-O 13. Bxc6 bxc6
14. Be3 a5 15. a4 g6 16. Ke2 Bd6 17. Rad1 f5 18. h3 Rhe8 19. f4 Bxf4 20. Rxd8+
Kxd8 21. Rd1+ Kc8 22. Kf3 Bxe3 23. fxe3 Re4 24. b3 Rh4 25. Kg3 g5 26. Rd4 Rxd4
27. exd4 Kb7 28. b4 Kb6 29. Kf3 h5 30. Kg3 Ka6 31. Kf3 Kb6 32. Kg3 g4 33. hxg4
fxg4 34. Kh4 Ka6 35. Kg3 axb4 36. cxb4 Kb6 37. Kh4 Ka6 38. Kg3 Kb6 39. Kh4 Ka6
40. Kg3 Kb6 {Normal} 1/2-1/2

[Event "Rated Blitz game"]
[Site "?"]
[Date "2021.01.08"]
[Round "?"]
[White "DrBergerBerger"]
[Black "drdumbo"]
[Result "1-0"]
[WhiteElo "2496"]
[BlackElo "2538"]
[PlyCount "39"]
[EventDate "2021.??.??"]
[EventType "blitz"]

1. e4 e5 2. Nf3 d5 3. exd5 Bd6 4. Nc3 Nf6 5. d4 e4 6. Ne5 Nbd7 7. Nxd7 Qxd7 8.
Bg5 O-O 9. Bxf6 gxf6 10. Qh5 Kh8 11. O-O-O f5 12. h3 Bb4 13. Qh6 Rg8 14. Bc4
Bxc3 15. Qf6+ Rg7 16. bxc3 b5 17. Bb3 Bb7 18. g4 a5 19. gxf5 a4 20. Rdg1 {
Normal} 1-0

[Event "Rated Blitz tournament Zc9YQ8ap"]
[Site "?"]
[Date "2021.01.08"]
[Round "?"]
[White "DBernardo_19_Angeles"]
[Black "TheOrtega"]
[Result "1/2-1/2"]
[WhiteElo "2472"]
[BlackElo "2449"]
[PlyCount "108"]
[EventDate "2021.??.??"]
[EventType "blitz"]

1. e4 e5 2. Nf3 d5 3. Nc3 dxe4 4. Nxe4 f5 5. Ng3 e4 6. Ng1 Nf6 7. d3 Nc6 8. Bg5
Be7 9. dxe4 Qxd1+ 10. Rxd1 Nxe4 11. Bxe7 Kxe7 12. Nxe4 fxe4 13. Bb5 Ne5 14. Ne2
c6 15. Ba4 Be6 16. O-O Rad8 17. Ng3 e3 18. fxe3 Nc4 19. Bb3 Nxe3 20. Rxd8 Rxd8
21. Re1 Bxb3 22. axb3 Rd1 23. Nf5+ Kf6 24. Rxd1 Nxd1 25. Nd6 b6 26. Nc8 Nxb2
27. Nxa7 c5 28. Nc8 b5 29. Nd6 b4 30. Ne4+ Ke5 31. Nxc5 Kd4 32. Na6 Kc3 33. Kf2
Kxc2 34. Nxb4+ Kxb3 35. Nd5 Kc4 36. Ne7 g6 37. Ke3 Nd1+ 38. Kf4 Kd4 39. Ng8 Nf2
40. g4 Nh3+ 41. Kg3 Ng5 42. Kf4 Nf7 43. Nf6 h5 44. gxh5 gxh5 45. Nxh5 Kd5 46.
Kf5 Kd6 47. Kf6 Ne5 48. Nf4 Ng4+ 49. Kg5 Nxh2 50. Nh3 Nf3+ 51. Kf4 Ne5 52. Ng5
Nd3+ 53. Ke3 Nc5 54. Ne4+ Nxe4 {Normal} 1/2-1/2

[Event "Rated Blitz game"]
[Site "?"]
[Date "2021.01.08"]
[Round "?"]
[White "Fanti1"]
[Black "batasjon"]
[Result "0-1"]
[WhiteElo "2476"]
[BlackElo "2348"]
[PlyCount "96"]
[EventDate "2021.??.??"]
[EventType "blitz"]

1. e4 e5 2. Nf3 d5 3. exd5 e4 4. Qe2 Nf6 5. c4 Be7 6. Nd4 O-O 7. d3 Bg4 8. Qd2
c6 9. dxe4 Nxe4 10. Qf4 Bb4+ 11. Bd2 Nxd2 12. Nxd2 Re8+ 13. Be2 Bxe2 14. Nxe2
cxd5 15. cxd5 Qxd5 16. Qxb4 Qxg2 17. O-O-O Rxe2 18. Rhg1 Qc6+ 19. Kb1 Na6 20.
Qd4 g6 21. Nc4 Qe4+ 22. Qxe4 Rxe4 23. Nd6 Re7 24. Nf5 Rc7 25. Nh6+ Kg7 26. Ng4
Re8 27. f4 h5 28. Ne5 Kf6 29. Rd6+ Re6 30. Rd8 Nc5 31. Rc1 b6 32. b4 Na6 33.
Rxc7 Nxc7 34. Rd7 Re7 35. Rxe7 Kxe7 36. Nc6+ Kd6 37. Nxa7 Nd5 38. a3 Nxf4 39.
Kc2 g5 40. Kd2 f5 41. Ke3 Nd5+ 42. Kd4 g4 43. Nc8+ Ke6 44. a4 h4 45. a5 bxa5
46. bxa5 h3 47. Nb6 Nc7 48. Nc4 g3 {Normal} 0-1

[Event "Rated Blitz game"]
[Site "?"]
[Date "2021.01.08"]
[Round "?"]
[White "ljdr"]
[Black "Tayota"]
[Result "1-0"]
[WhiteElo "2432"]
[BlackElo "2327"]
[PlyCount "53"]
[EventDate "2021.??.??"]
[EventType "blitz"]

1. e4 e5 2. Nf3 d5 3. exd5 e4 4. Qe2 f5 5. d3 Nf6 6. Nbd2 Be7 7. dxe4 fxe4 8.
Nxe4 Nxe4 9. Qxe4 O-O 10. Bd3 Bf5 11. Qc4 Bd6 12. Bxf5 Rxf5 13. Be3 Nd7 14.
O-O-O Nb6 15. Qe4 Qf8 16. c4 Re8 17. Qc2 Bf4 18. Kb1 Bxe3 19. fxe3 Rxe3 20. Nd4
Rfe5 21. Rhf1 Qe8 22. Ne6 Re2 23. Qc3 Na4 24. Qa3 Rxe6 25. dxe6 Rxb2+ 26. Ka1
Qxe6 27. Qf8# {Normal} 1-0

[Event "Rated Blitz game"]
[Site "?"]
[Date "2021.01.08"]
[Round "?"]
[White "luno1977"]
[Black "oZzALzZo"]
[Result "0-1"]
[WhiteElo "2303"]
[BlackElo "2474"]
[PlyCount "94"]
[EventDate "2021.??.??"]
[EventType "blitz"]

1. e4 e5 2. Nf3 d5 3. Nxe5 dxe4 4. d4 Bd6 5. Nc4 Nc6 6. Nxd6+ Qxd6 7. c3 f5 8.
g3 Nf6 9. Bg2 Be6 10. O-O h6 11. Bf4 Qe7 12. Na3 O-O-O 13. Qa4 g5 14. Be5 Kb8
15. Bxf6 Qxf6 16. g4 fxg4 17. Bxe4 Bd5 18. f3 gxf3 19. Rxf3 Qe6 20. Bxd5 Rxd5
21. Raf1 Rdd8 22. Qc4 Qg4+ 23. Kh1 Rhe8 24. Nc2 Ne5 25. Ne3 Qxf3+ 26. Rxf3 Nxc4
27. Nxc4 Re1+ 28. Kg2 Re2+ 29. Rf2 Rde8 30. Ne5 Rxf2+ 31. Kxf2 Kc8 32. Kf3 Rf8+
33. Kg3 h5 34. Nf3 g4 35. Ne5 Rf1 36. Nd3 Rd1 37. Nf4 Rd2 38. Nxh5 Rxb2 39. Nf6
Rxa2 40. Nxg4 Rc2 41. Kf4 Rxc3 42. h4 Rh3 43. Kg5 a5 44. Nf2 Rh2 45. Ng4 Rh1
46. Nf2 Rg1+ 47. Kf6 Rf1 {Normal} 0-1

[Event "Rated Blitz game"]
[Site "?"]
[Date "2021.01.08"]
[Round "?"]
[White "Treil83"]
[Black "vrencianLehel"]
[Result "0-1"]
[WhiteElo "2469"]
[BlackElo "2416"]
[PlyCount "56"]
[EventDate "2021.??.??"]
[EventType "blitz"]

1. e4 e5 2. Nf3 d5 3. Nxe5 dxe4 4. d4 Bd6 5. Nc4 Nf6 6. Nc3 O-O 7. Be2 Re8 8.
Bg5 h6 9. Bh4 Nbd7 10. Qd2 a6 11. O-O-O b5 12. Nxd6 cxd6 13. f3 e3 14. Qe1 Qa5
15. Kb1 b4 16. Ne4 Nxe4 17. fxe4 Rxe4 18. Bf3 Bb7 19. Bxe4 Bxe4 20. Qxe3 Re8
21. Qf2 Rc8 22. Rd2 Nb6 23. Re1 Bg6 24. Rde2 Kh7 25. Bg3 Nc4 26. Rc1 Qb5 27.
Qe1 b3 28. Ka1 bxc2 {Time forfeit} 0-1

[Event "Rated Rapid tournament XwbmE3UB"]
[Site "?"]
[Date "2021.01.08"]
[Round "?"]
[White "Kickshot"]
[Black "BarashevNikita"]
[Result "0-1"]
[WhiteElo "2278"]
[BlackElo "2456"]
[PlyCount "36"]
[EventDate "2021.??.??"]
[EventType "rapid"]

1. e4 e5 2. Nf3 d5 3. exd5 e4 4. Nd4 Qxd5 5. Nb3 Nf6 6. Nc3 Qe5 7. Be2 Nc6 8.
O-O Bd6 9. g3 Bh3 10. Re1 O-O-O 11. d3 h5 12. Bf4 Qf5 13. Bxd6 Rxd6 14. Qd2 h4
15. Qf4 Qxf4 16. gxf4 exd3 17. Bxd3 Nh5 18. Re4 Rg6+ {Normal} 0-1

[Event "Rated Blitz game"]
[Site "?"]
[Date "2021.01.08"]
[Round "?"]
[White "x4509"]
[Black "BaronBananenschnabel"]
[Result "0-1"]
[WhiteElo "2404"]
[BlackElo "2378"]
[PlyCount "32"]
[EventDate "2021.??.??"]
[EventType "blitz"]

1. e4 e5 2. Nf3 d5 3. d4 dxe4 4. Nxe5 Bd6 5. Bc4 Bxe5 6. Qh5 Qe7 7. Qxe5 Qxe5
8. dxe5 Nc6 9. Nc3 Nxe5 10. Bb3 Ne7 11. Nb5 O-O 12. Nxc7 Rb8 13. Bf4 N7g6 14.
Bg3 Bd7 15. h4 h5 16. O-O-O Bc6 {Time forfeit} 0-1

[Event "Rated Blitz game"]
[Site "?"]
[Date "2021.01.08"]
[Round "?"]
[White "antid0te"]
[Black "Feniks94"]
[Result "1-0"]
[WhiteElo "2402"]
[BlackElo "2363"]
[PlyCount "75"]
[EventDate "2021.??.??"]
[EventType "blitz"]

1. e4 e5 2. Nf3 d5 3. Nxe5 Bd6 4. d4 dxe4 5. Nc4 Nf6 6. Be2 O-O 7. O-O Nc6 8.
Be3 Be6 9. Nxd6 Qxd6 10. c4 Bf5 11. Nc3 Rad8 12. Nb5 Qe7 13. d5 a6 14. Nc3 Ne5
15. Qb3 b6 16. Rfe1 Ned7 17. Rad1 Nc5 18. Qc2 a5 19. b3 h6 20. Nb5 Nd3 21. Bxd3
exd3 22. Qb2 Qd7 23. Nd4 Bg6 24. Nc6 Rde8 25. Bd4 Rxe1+ 26. Rxe1 Re8 27. Ne5
Qf5 28. Qd2 Ng4 29. f4 f6 30. Nxg6 Rxe1+ 31. Qxe1 Qxg6 32. h3 d2 33. Qd1 Qd3
34. hxg4 Qxd4+ 35. Kf1 Qxf4+ 36. Kg1 Qe3+ 37. Kf1 g6 38. Qe2 {Time forfeit} 1-0

[Event "Rated Blitz game"]
[Site "?"]
[Date "2021.01.08"]
[Round "?"]
[White "vldman"]
[Black "artemisia_g"]
[Result "1-0"]
[WhiteElo "2400"]
[BlackElo "2379"]
[PlyCount "107"]
[EventDate "2021.??.??"]
[EventType "blitz"]

1. e4 e5 2. Nf3 d5 3. exd5 Bd6 4. Nc3 Nf6 5. d3 O-O 6. Bg5 h6 7. Bh4 g5 8. Bg3
Nbd7 9. Qd2 Nb6 10. Nxg5 hxg5 11. Qxg5+ Kh8 12. Qh6+ Nh7 13. Ne4 Nxd5 14. O-O-O
f5 15. Nxd6 Qxd6 16. Qxd6 cxd6 17. c4 Ne7 18. f3 Nc6 19. a3 Be6 20. Bf2 Rac8
21. Kb1 b6 22. d4 Nxd4 23. Bxd4 exd4 24. Rxd4 Rc6 25. Be2 Rfc8 26. Rhd1 Bxc4
27. Bxc4 Rxc4 28. Rxd6 Rc2 29. Rd8+ Kg7 30. R1d7+ Kg6 31. Rxc8 Rxc8 32. Rxa7
Nf6 33. Rb7 Nd5 34. Rd7 Nf6 35. Rd6 b5 36. b3 Kg5 37. h4+ Kg6 38. g4 fxg4 39.
fxg4 Kf7 40. g5 Ne4 41. Rb6 Rh8 42. Kb2 Rxh4 43. Rxb5 Rh2+ 44. Kc1 Re2 45. a4
Kg6 46. Re5 Nc3 47. Rxe2 Nxe2+ 48. Kd2 Nd4 49. Kc3 Nc6 50. Kc4 Kxg5 51. Kc5 Na5
52. b4 Nb3+ 53. Kd5 Kf6 54. a5 {Normal} 1-0

[Event "Rated Blitz game"]
[Site "?"]
[Date "2021.01.08"]
[Round "?"]
[White "IMFAR"]
[Black "Fantastic_power06"]
[Result "0-1"]
[WhiteElo "2622"]
[BlackElo "2613"]
[PlyCount "130"]
[EventDate "2021.??.??"]
[EventType "blitz"]

1. e4 e5 2. Nf3 d5 3. exd5 e4 4. Qe2 Nf6 5. Nc3 Be7 6. Nxe4 O-O 7. d3 Re8 8.
Bd2 Nxd5 9. c4 Nb4 10. Kd1 Bg4 11. h3 Bxf3 12. Qxf3 N8c6 13. Bc3 Nd4 14. Qg3 f5
15. Nd2 Bh4 16. Qf4 Ndc2 17. Nf3 Nxd3 18. Qxh4 Nxa1 19. Qxd8 Raxd8 20. Bxd3
Rxd3+ 21. Nd2 a5 22. Bxa5 Ra8 23. Ke2 Rd7 24. Rxa1 Rxa5 25. Nf3 Ra4 26. b3 Ra3
27. Ne5 Rd8 28. Nd3 Rda8 29. Nc1 R3a6 30. Kd2 Rd6+ 31. Kc3 Rad8 32. Ne2 Rd2 33.
Nf4 Rxf2 34. Ne6 Rdd2 35. Nxc7 Rxg2 36. Nd5 Rxa2 37. Rd1 Kf7 38. Nb4 Rae2 39.
Rd7+ Re7 40. Rd5 g6 41. Nd3 Rg3 42. Kb4 Rxh3 43. Ne5+ Ke6 44. Nd3 Kf6 45. Nf4
g5 46. Nxh3 g4 47. Nf4 Re5 48. Rd6+ Kg5 49. Ne6+ Kf6 50. Nd4+ Kg5 51. Rb6 Re4
52. Ne6+ Kf6 53. Nd8+ Ke5 54. Rxb7 Kf4 55. Re7 g3 56. Rf7 Kf3 57. Ne6 g2 58.
Rxf5+ Rf4 59. Rg5 Rg4 60. Rf5+ Ke4 61. Rf6 g1=Q 62. Rf2 Qxf2 63. Nc5+ Kd4 64.
Ne6+ Ke3 65. Nd4 Qe1+ {Time forfeit} 0-1

[Event "Rated Blitz game"]
[Site "?"]
[Date "2021.01.08"]
[Round "?"]
[White "Nikolaj_6"]
[Black "Fantastic_power06"]
[Result "1-0"]
[WhiteElo "2616"]
[BlackElo "2624"]
[PlyCount "81"]
[EventDate "2021.??.??"]
[EventType "blitz"]

1. e4 e5 2. Nf3 d5 3. Nxe5 Bd6 4. d4 dxe4 5. Bc4 Bxe5 6. Qh5 Qe7 7. Qxe5 Qxe5
8. dxe5 Nc6 9. Bf4 Nge7 10. Nc3 Bf5 11. O-O-O O-O 12. e6 Bxe6 13. Bxe6 fxe6 14.
Bxc7 Rxf2 15. Nxe4 Rxg2 16. Nc5 Nb4 17. c3 Nbd5 18. Nxe6 Nxc7 19. Nxc7 Rf8 20.
Rd2 Rxd2 21. Kxd2 Rf2+ 22. Kc1 Kf7 23. Nb5 Rf6 24. Nxa7 Rf5 25. c4 g5 26. Nb5
Nc8 27. Kd2 g4 28. Ke3 h5 29. Nd4 Ra5 30. a3 Nd6 31. Kd3 h4 32. Rg1 Rg5 33. b4
Kg6 34. c5 Ne8 35. Ne6 Rd5+ 36. Kc4 Nf6 37. Rxg4+ Kf5 38. Rf4+ Ke5 39. Rxf6 Rd2
40. Rh6 Rxh2 41. Nd8 {Normal} 1-0

[Event "Rated Blitz game"]
[Site "?"]
[Date "2021.01.08"]
[Round "?"]
[White "MihailRodin"]
[Black "Fantastic_power06"]
[Result "1-0"]
[WhiteElo "2492"]
[BlackElo "2611"]
[PlyCount "81"]
[EventDate "2021.??.??"]
[EventType "blitz"]

1. e4 e5 2. Nf3 d5 3. exd5 e4 4. Qe2 Nf6 5. Nc3 Be7 6. Nxe4 O-O 7. Nxf6+ Bxf6
8. d4 Re8 9. Be3 Qxd5 10. Qd2 c5 11. c4 Qd8 12. O-O-O Nc6 13. dxc5 Qe7 14. Qd6
Qe4 15. Bd3 Qg4 16. Qg3 Nb4 17. Qxg4 Bxg4 18. Bb1 a5 19. h3 Bxf3 20. gxf3 Rac8
21. a3 Na6 22. Rd5 Be7 23. Bf5 Rc6 24. Bd7 Rec8 25. Bxc6 bxc6 26. Rd7 Kf8 27.
Rhd1 Ke8 28. Ra7 Nxc5 29. Bxc5 Bxc5 30. Rxa5 Bxf2 31. b4 g5 32. c5 Kf8 33. Ra7
Kg7 34. Rdd7 Rf8 35. Rac7 h5 36. Rxc6 Re8 37. Rcc7 Rf8 38. b5 Kg6 39. b6 f5 40.
b7 Kf6 41. Rc8 {Normal} 1-0

[Event "Rated Blitz game"]
[Site "?"]
[Date "2021.01.08"]
[Round "?"]
[White "divergent_twin"]
[Black "Mettigel"]
[Result "1-0"]
[WhiteElo "2416"]
[BlackElo "2441"]
[PlyCount "91"]
[EventDate "2021.??.??"]
[EventType "blitz"]

1. e4 e5 2. Nf3 d5 3. Nxe5 Bd6 4. d4 dxe4 5. Bc4 Bxe5 6. Qh5 Qe7 7. Qxe5 Qxe5
8. dxe5 Nc6 9. Nc3 Nxe5 10. Bb3 Nf6 11. Bf4 Nc6 12. O-O-O O-O 13. Bxc7 Bg4 14.
Rd2 Rac8 15. Bg3 Rfe8 16. Re1 a6 17. h3 Bf5 18. Bh4 Rcd8 19. Rxd8 Nxd8 20. Bxf6
gxf6 21. Nd5 Kg7 22. Ne3 Bg6 23. Rd1 Nc6 24. Rd7 Re7 25. Rd6 f5 26. g3 Kf8 27.
h4 h5 28. Bd5 Ne5 29. Rb6 Rc7 30. Rxb7 Nd3+ 31. Kd2 Rxb7 32. Bxb7 Nxb2 33. Bxa6
Ke7 34. Bb5 Kd6 35. Kc1 Kc5 36. Kxb2 Kxb5 37. c4+ Kc5 38. Kc3 f6 39. a4 Bh7 40.
Nd5 Bg8 41. Nxf6 Bxc4 42. Nxh5 Be2 43. Ng7 Bg4 44. a5 Kb5 45. Kd4 Kxa5 46. h5 {
Normal} 1-0

[Event "Rated Blitz game"]
[Site "?"]
[Date "2021.01.08"]
[Round "?"]
[White "drah_ciR"]
[Black "Maurevert"]
[Result "0-1"]
[WhiteElo "2514"]
[BlackElo "2563"]
[PlyCount "81"]
[EventDate "2021.??.??"]
[EventType "blitz"]

1. e4 e5 2. Nf3 d5 3. Nxe5 dxe4 4. d4 Bd6 5. Nc4 Nf6 6. Bg5 O-O 7. Be2 Nbd7 8.
Nbd2 Re8 9. Ne3 Nf8 10. O-O h6 11. Bh4 Ng6 12. Bg3 Nf4 13. Re1 Nxe2+ 14. Qxe2
Bxg3 15. hxg3 Qxd4 16. c3 Qe5 17. Ndc4 Qg5 18. Rad1 Be6 19. Rd2 Rad8 20. Red1
Rxd2 21. Rxd2 h5 22. Qd1 h4 23. gxh4 Qxh4 24. Rd8 Kf8 25. Rxe8+ Kxe8 26. Qd4 b6
27. Ne5 Qh5 28. Nc6 Bd7 29. Nxa7 Qa5 30. g4 Qxa7 31. g5 Nh5 32. Qxe4+ Be6 33.
Qh7 g6 34. Qh8+ Kd7 35. Qd4+ Kc8 36. a3 Qa5 37. Qh8+ Kb7 38. Qd8 Qe5 39. Kf1
Nf4 40. Ke1 Qe4 41. Kf1 {Normal} 0-1

[Event "Rated Blitz game"]
[Site "?"]
[Date "2021.01.08"]
[Round "?"]
[White "Imperor459"]
[Black "oZzALzZo"]
[Result "1-0"]
[WhiteElo "2380"]
[BlackElo "2522"]
[PlyCount "89"]
[EventDate "2021.??.??"]
[EventType "blitz"]

1. e4 e5 2. Nf3 d5 3. Nxe5 dxe4 4. d4 Bd6 5. Nc4 Nc6 6. Be2 Nxd4 7. O-O Nf6 8.
Nc3 Bf5 9. Bg5 Be7 10. Ne3 Bg6 11. Bxf6 Bxf6 12. Ncd5 O-O 13. c3 Nxe2+ 14. Qxe2
Be5 15. Rad1 Qh4 16. g3 Qh3 17. Qc4 Kh8 18. Ng2 f5 19. Ngf4 Qg4 20. h3 Qf3 21.
Rfe1 Bf7 22. Qb4 c6 23. Qa4 cxd5 24. Re3 b5 25. Qc2 Bxf4 26. Rxf3 exf3 27. gxf4
Be6 28. Qd3 a6 29. Qd4 Rf6 30. Kh2 Raf8 31. Rg1 h6 32. Rg3 Kh7 33. Rxf3 Rg6 34.
h4 Rg4 35. Kh3 Rf6 36. Re3 Rfg6 37. h5 Rf6 38. f3 Rg1 39. Rxe6 Rh1+ 40. Kg2
Rxe6 41. Kxh1 Re1+ 42. Kg2 Re2+ 43. Kg3 Rxb2 44. Qxd5 Rc2 45. Qxf5+ {Normal}
1-0

[Event "Rated Blitz game"]
[Site "?"]
[Date "2021.01.08"]
[Round "?"]
[White "NguyenDucHoa"]
[Black "Fantastic_power06"]
[Result "0-1"]
[WhiteElo "2611"]
[BlackElo "2606"]
[PlyCount "72"]
[EventDate "2021.??.??"]
[EventType "blitz"]

1. e4 e5 2. Nf3 d5 3. d4 dxe4 4. Nxe5 Bd6 5. Bf4 Be6 6. Nc3 f6 7. Qh5+ g6 8.
Nxg6 hxg6 9. Qxh8 Bxf4 10. g3 Bh6 11. d5 Bf7 12. Bh3 Qe7 13. O-O Nd7 14. Nxe4
O-O-O 15. Rfe1 Qf8 16. Nxf6 Ngxf6 17. Qxf6 Bg7 18. Qg5 Kb8 19. Be6 Bf6 20. Qf4
Qg7 21. c3 Ne5 22. Rxe5 Bxe5 23. Qxf7 Qh6 24. Re1 Bd6 25. Re2 Rh8 26. h3 a6 27.
Bg4 Ka7 28. Re6 Qc1+ 29. Kg2 Qxb2 30. Qxg6 Rf8 31. Re2 Qxc3 32. Qe4 Rf7 33. h4
Re7 34. Be6 Rg7 35. h5 Bxg3 36. fxg3 Qxg3+ {Normal} 0-1

[Event "Rated Blitz game"]
[Site "?"]
[Date "2021.01.08"]
[Round "?"]
[White "KlausMika"]
[Black "drdumbo"]
[Result "1/2-1/2"]
[WhiteElo "2377"]
[BlackElo "2504"]
[PlyCount "109"]
[EventDate "2021.??.??"]
[EventType "blitz"]

1. e4 e5 2. Nf3 d5 3. exd5 Bd6 4. d4 e4 5. Ne5 Nf6 6. c4 c5 7. dxc6 Bxe5 8.
dxe5 Qa5+ 9. Bd2 Qxe5 10. Bc3 Qe7 11. cxb7 Bxb7 12. Be2 O-O 13. O-O Nc6 14. Nd2
e3 15. Nf3 Rad8 16. Qc2 exf2+ 17. Rxf2 Ng4 18. Rff1 Rfe8 19. Rae1 Qe3+ 20. Kh1
Nf2+ 21. Rxf2 Qxf2 22. Ng5 Qh4 23. Nf3 Qf4 24. Rf1 Qe4 25. Qxe4 Rxe4 26. Bd1
Rxc4 27. Bb3 Rf4 28. Kg1 h6 29. g3 Rf5 30. Bc2 Rfd5 31. Nh4 Nd4 32. Be4 Ne2+
33. Kg2 Nxc3 34. bxc3 Rd2+ 35. Kf3 R8d3+ 36. Kf4 g5+ 37. Ke5 gxh4 38. Bxb7 hxg3
39. hxg3 Rxg3 40. c4 Rxa2 41. Bd5 Re2+ 42. Kd6 Kg7 43. Rxf7+ Kg6 44. Rxa7 h5
45. c5 Rd2 46. c6 Rc3 47. c7 h4 48. Ra5 h3 49. Rc5 Rxc5 50. Kxc5 Rc2+ 51. Bc4
h2 52. c8=Q Rxc4+ 53. Kxc4 h1=Q 54. Qg4+ Kf6 55. Qf4+ {Normal} 1/2-1/2

[Event "Rated Blitz game"]
[Site "?"]
[Date "2021.01.08"]
[Round "?"]
[White "Lopez09"]
[Black "Schachelite"]
[Result "0-1"]
[WhiteElo "2460"]
[BlackElo "2355"]
[PlyCount "56"]
[EventDate "2021.??.??"]
[EventType "blitz"]

1. e4 e5 2. Nf3 d5 3. exd5 e4 4. Qe2 Nf6 5. Nc3 Be7 6. Nxe4 O-O 7. d3 Re8 8.
Be3 Nxd5 9. O-O-O f5 10. Ned2 f4 11. Bd4 Nc6 12. Ne4 Bg4 13. Bc3 Nxc3 14. Nxc3
Nd4 15. Qe4 Bf6 16. Qxb7 Rb8 17. Qd5+ Qxd5 18. Nxd5 Nxf3 19. Nxf6+ gxf6 20.
gxf3 Bxf3 21. Rg1+ Kf8 22. b3 Bxd1 23. Kxd1 Re5 24. Rg4 Rbe8 25. Bg2 Re1+ 26.
Kd2 R8e2+ 27. Kc3 Rxf2 28. Be4 Ree2 {Normal} 0-1

[Event "Rated Blitz game"]
[Site "?"]
[Date "2021.01.08"]
[Round "?"]
[White "randomandaverage"]
[Black "Buscapina"]
[Result "0-1"]
[WhiteElo "2340"]
[BlackElo "2483"]
[PlyCount "76"]
[EventDate "2021.??.??"]
[EventType "blitz"]

1. e4 e5 2. Nf3 d5 3. Nc3 d4 4. Nb1 Nc6 5. Bb5 Bd6 6. Bxc6+ bxc6 7. d3 Qf6 8.
a4 Qg6 9. Rg1 h6 10. Na3 Nf6 11. Nh4 Qh7 12. g4 g5 13. Nf5 Bxf5 14. gxf5 Rg8
15. Nc4 Kd7 16. a5 a6 17. b3 Rab8 18. Ba3 h5 19. Qc1 Ng4 20. h3 Nh2 21. Ke2 g4
22. hxg4 Rxg4 23. Rh1 Rg2 24. Rxh2 Rxh2 25. Bxd6 cxd6 26. Qg5 Qh8 27. Nb6+ Ke8
28. Rg1 h4 29. f6 Kd8 30. Qf5 Rxb6 31. axb6 h3 32. b7 Kc7 33. Rg7 Kxb7 34. Qd7+
Kb6 35. Qxd6 Qh6 36. Qb4+ Kc7 37. Rxf7+ Kc8 38. Qd6 Qe3+ {Time forfeit} 0-1

[Event "Rated Blitz game"]
[Site "?"]
[Date "2021.01.08"]
[Round "?"]
[White "Jirkar"]
[Black "Fantastic_power06"]
[Result "0-1"]
[WhiteElo "2552"]
[BlackElo "2638"]
[PlyCount "118"]
[EventDate "2021.??.??"]
[EventType "blitz"]

1. e4 e5 2. Nf3 d5 3. Nxe5 Bd6 4. d4 dxe4 5. Nc4 Nc6 6. Nc3 Bb4 7. Be3 Nf6 8.
Be2 Nd5 9. Qd2 O-O 10. O-O f5 11. f4 Nxe3 12. Qxe3 Qxd4 13. Nb5 Qxe3+ 14. Nxe3
Bc5 15. Kf2 Bb6 16. Bc4+ Kh8 17. c3 a6 18. Na3 Bd7 19. Ke2 Na5 20. Nd5 Nxc4 21.
Nxc4 Bb5 22. b3 Bxc4+ 23. bxc4 Ba5 24. Rab1 c6 25. Ne3 b5 26. Rb3 Rad8 27. Ra3
Bb6 28. Rxa6 Bxe3 29. Kxe3 Rd3+ 30. Kf2 Rxc3 31. Rxc6 bxc4 32. Rd1 Rc2+ 33. Kg3
h6 34. Rd7 e3 35. Re7 e2 36. a4 Ra8 37. Kf3 Rxa4 38. Rxe2 Ra3+ 39. Kf2 Raa2 40.
Rxc2 Rxc2+ 41. Kf3 c3 42. h3 Kg8 43. Rc7 Kf8 44. g4 fxg4+ 45. hxg4 Rc1 46. Kg2
g6 47. Rc6 Kf7 48. Rc7+ Ke6 49. Rc6+ Kd5 50. Rc8 Ke4 51. f5 gxf5 52. gxf5 Kxf5
53. Rc4 Ke5 54. Kf2 Kd5 55. Rc8 Kd4 56. Ke2 Rh1 57. Rd8+ Kc4 58. Rc8+ Kb3 59.
Rb8+ Kc2 {Normal} 0-1

[Event "Rated Blitz game"]
[Site "?"]
[Date "2021.01.08"]
[Round "?"]
[White "DVRazor"]
[Black "om_gendut"]
[Result "0-1"]
[WhiteElo "2423"]
[BlackElo "2405"]
[PlyCount "80"]
[EventDate "2021.??.??"]
[EventType "blitz"]

1. e4 e5 2. Nf3 d5 3. exd5 e4 4. Qe2 Be7 5. Qxe4 Nf6 6. Qa4+ Nbd7 7. c4 O-O 8.
Be2 a6 9. O-O b5 10. cxb5 Nb6 11. Qc2 Nbxd5 12. a3 axb5 13. d4 b4 14. Bc4 Bb7
15. Ne5 h6 16. a4 Bd6 17. Be3 Rc8 18. Nd2 Nxe3 19. fxe3 Bxe5 20. dxe5 Ng4 21.
Qg6 Nxe5 22. Qc2 Nxc4 23. Nxc4 Qg5 24. Rf5 Qg6 25. Ne5 Qe6 26. Raf1 f6 27. Qc4
Bd5 28. Qc5 Be4 29. Ng6 Rfe8 30. Nh4 Bxf5 31. Nxf5 Kh8 32. Qd4 c5 33. Qg4 Rc7
34. Qg6 c4 35. Kh1 c3 36. bxc3 bxc3 37. Nd4 Qxe3 38. Nf3 c2 39. Ng5 hxg5 40.
Qh5+ Kg8 {Time forfeit} 0-1

[Event "Rated Blitz game"]
[Site "?"]
[Date "2021.01.07"]
[Round "?"]
[White "babageldi2277"]
[Black "Jomajo"]
[Result "1-0"]
[WhiteElo "2452"]
[BlackElo "2623"]
[PlyCount "59"]
[EventDate "2021.??.??"]
[EventType "blitz"]

1. e4 e5 2. Nf3 d5 3. exd5 e4 4. Qe2 Qe7 5. Nd4 Qe5 6. Nb5 a6 7. d4 Qe7 8. N5c3
f5 9. Nd2 Nf6 10. f3 exf3 11. Nxf3 Qxe2+ 12. Bxe2 Bb4 13. O-O Bxc3 14. bxc3
Nxd5 15. Bc4 c6 16. Ba3 Nd7 17. Ng5 N7f6 18. Rae1+ Kd7 19. Bxd5 cxd5 20. Re7+
Kc6 21. Nf7 Rg8 22. Ne5+ Kb5 23. Rb1+ Ka4 24. Bb4 a5 25. Bc5 Ne4 26. Nd3 Nd2
27. Rb6 Nc4 28. Rb3 f4 29. Bb6 Nxb6 30. Nc5# {Normal} 1-0